| 000 | 04030nam a22005298i 4500 | ||
|---|---|---|---|
| 001 | BDZ0056482326 | ||
| 003 | StDuBDS | ||
| 005 | 20250318131741.0 | ||
| 006 | m|||||o||d|||||||| | ||
| 007 | cr ||||||||||| | ||
| 008 | 241207s2024 enk fo 000|0 eng|d | ||
| 020 |
_a9781035302680 (PDF ebook) : _c182.00 |
||
| 040 |
_aStDuBDS _beng _erda _epn _cStDuBDS _dStDuBDSZ |
||
| 050 | 4 |
_aN8602 _b.B3 2024 |
|
| 072 | 7 |
_aIND _2ukslc |
|
| 072 | 7 |
_aKN _2bicssc |
|
| 072 | 7 |
_aLBBM _2bicssc |
|
| 072 | 7 |
_aLNR _2bicssc |
|
| 072 | 7 |
_aLNRC _2bicssc |
|
| 072 | 7 |
_aKN _2thema |
|
| 072 | 7 |
_aLBBM _2thema |
|
| 072 | 7 |
_aLNR _2thema |
|
| 072 | 7 |
_aLNRC _2thema |
|
| 082 | 0 | 4 |
_a338.437 _223 |
| 100 | 1 |
_aBandle, Anne Laure, _eauthor. |
|
| 245 | 1 | 4 |
_aThe sale of misattributed artworks and antiques at auction _cAnne L. Bandle. _h[electronic resource] / |
| 264 | 1 |
_aCheltenham : _bEdward Elgar Publishing, _c2024. |
|
| 300 | _a1 online resource (450 pages). | ||
| 336 |
_atext _2rdacontent |
||
| 337 |
_acomputer _2rdamedia |
||
| 338 |
_aonline resource _2rdacarrier |
||
| 366 |
_b20241122 _cAvailable |
||
| 490 | 1 | _aElgar commercial law and practice | |
| 505 | 0 | _aContents -- Foreword by Pierre Tercier -- I Introduction: problem statement and objectives of this book -- PART I CREATION OF SLEEPERS AT AUCTION -- Introduction to Part I -- 1 Notion of "sleeper" -- 2 Process of attribution of artworks and antiques -- 3 Interim conclusion -- PART II ANALYSIS OF THE CURRENT LEGAL REGIME IN SLEEPER DISPUTES -- Introduction to Part II -- 4 Interests and expectations in sleeper cases -- 5 Current regime governing the auctioneer's liability -- 6 Interim conclusion -- PART III COMPARATIVE AND CRITICAL ASSESSMENT -- Introduction to Part III -- 7 Comparative analysis -- 8 Critical assessment -- 9 Interim conclusion -- PART IV FUTURE PERSPECTIVES: MARKET REGULATION - NEW -- TRADING PRACTICES -- Introduction to Part IV -- 10 Authenticity guarantee to consignors -- 11 Alternative means of dispute resolution -- 12 Conclusions -- References -- Appendix 1: model terms -- Appendix 2: illustrations of sleepers | |
| 520 | 8 | _aIn this thoroughly revised second edition, Anne Laure Bandle explores the process of attribution of artworks and antiques at auction and the commercial directive of auction houses when authenticating art and protecting themselves against misattributions. Bandle provides an extensive study of the phenomenon of `sleepers' through an in-depth analysis of the contractual relationships, liabilities and remedies that arise in the context of auction sales.Key Features:Proposes new avenues to improve current auction practices and the dispute resolution processDiscusses updates in case law and legislation, including consumer protection laws and procedural lawsNew section dedicated to price guarantees arranged by auction houses, some of which are backed by third partiesExamination of the consequences of the currently applicable legal regime for the consignor, the auction house, the courts and the marketplaceComparative analysis of the law governing auctioneer's liability in Europe and North America, establishing the risks and drawbacks of the existing regimeThe Sale of Misattributed Artworks and Antiques at Auction continues to be a fundamental resource for legal practitioners, auction houses, art dealers, authenticators, the judiciary and the insurance industry. Students and academics of art law and commercial law will also find this to be an indispensable reference. | |
| 588 | _aDescription based on CIP data; resource not viewed. | ||
| 650 | 0 | _aArt auctions | |
| 650 | 0 | _aAntique auctions | |
| 650 | 0 | _aArts | |
| 650 | 0 | _aAntiques | |
| 650 | 7 | _aIntellectual property law | |
| 650 | 7 | _aCopyright law | |
| 776 | 0 | 8 |
_iPrint version : _z9781035302673 |
| 830 | 0 | _aElgar commercial law and practice. | |
| 856 | 4 | 0 |
_uhttps://www.vlebooks.com/product/openreader?id=RICS&accId=9491556&isbn=9781035302680 _zAvailable on VLeBooks (email [email protected] if you do not have a login) |
| 942 | _2ddc | ||
| 999 |
_c122128 _d122128 |
||